000
00246 a2200097 4500
000
nam a22 7a 4500
005
20260302121211.0
100
_a
Banerjee, Abhijit
_9
1111375
245
_a
Chhaunk On Food, Economics And Society
942
_c
TEXL
999
_c
1688373
_d
1688373